000 01358nam a2200361 i 4500
005 20220317000941.0
007 ta
008 210921t20082014sp ao jr 000 0 spa d
020 _a9788434225107
040 _aCO-BoRNBP
_bspa
_cCO-BoRNBP
_erda
041 0 _aspa
082 0 4 _a530
_bN67f
_223
100 1 _aNos Aguilá, Oriol
_eautor
245 1 0 _aFísica y agua
_cOriol Nos Aguilá ; editor Jesús Araújo ; diseño gráfico de la colección Álex Guerrero ; fotografías Nos & Soto
250 _aQuinta edición, Séptima edición
264 4 _aBarcelona
_bParramón Paidotribo
_cc2008
_cc2014
300 _a48 páginas
_bilustraciones y fotografías
_c28 cm
336 _atexto
_btxt
_2rdacontent
337 _asin mediación
_bn
_2rdamedia
338 _avolumen
_bnc
_2rdacarrier
490 0 _aPequeño ingeniero
500 _aIncluye glosario
505 1 _aPrácticas de física -- Prácticas de agua -- Orientaciones didácticas
521 _aRecomendado para un público mayor de 12 años
650 1 7 _aFísica
_xEnseñanza elemental
_2ARMARC
650 1 7 _aFísica
_vExperimentos
_2ARMARC
650 1 7 _aAgua
_vExperimentos
_2ARMARC
650 1 7 _aTermómetros
_vExperimentos
_2ARMARC
700 1 _aGuerrero, Álex
_eilustrador
_9191961
700 1 _aAraújo, Jesús
_eeditor
_9191962
710 2 _aNos & Soto
_efotografía
_955777
942 _2ddc
_cBK
999 _c5495
_d5495